Kanalizácia kanalizačná prípojka

Bibliographic Details
Main Author: Kapalo, Peter, 1961- (Author)
Format: Book
Language:Slovak
PhysicalDescription:76 strán grafy, ilustrácie, tabuľky 26 cm
Published: Košice Technická univerzita v Košiciach, Stavebná fakulta 2018
ISBN:9788055327273
Edition:Vydanie 1.
Series:Edícia vzdelávacích publikácií - vysokoškolská učebnica
Subjects:

MARC

LEADER 00000cam a2200000 4500
001 vtls011831874
003 SK-MaSNL
005 20260301143814.0
008 200228s2018 xo da frn 000 0 slo
015 |a SNBA2019/02 
020 |a 9788055327273  |q (brožované) 
035 |a urn:nbn:sk:snk-am00dbmk 
035 |a urn:nbn:sk:snk-am3hwni 
035 |a CBA9AE88-21A0-410A-8CDA-1F091718217A 
040 |a SNK  |b slo  |c SNK  |e rda 
041 0 |a slo 
044 |a xo  |c SK 
072 7 |a 628  |x Sanitárna technika. Vodárenstvo. Odpadové hospodárstvo. Svetelná technika  |2 konspekt 
080 |a 628.2  |2 2011 
080 |a 628.242  |2 2011 
080 |a 628.3  |2 2011 
080 |a (075.8)  |2 2011 
100 1 |a Kapalo, Peter,  |d 1961-  |4 aut  |9 223219 
245 1 0 |a Kanalizácia  |b kanalizačná prípojka  |c Peter Kapalo 
250 |a Vydanie 1. 
264 1 |a Košice  |b Technická univerzita v Košiciach, Stavebná fakulta  |c 2018 
300 |a 76 strán  |b grafy, ilustrácie, tabuľky  |c 26 cm 
336 |a text  |b txt  |2 rdacontent 
337 |a bez média  |b n  |2 rdamedia 
338 |a zväzok  |b nc  |2 rdacarrier 
366 |e 100 výtlačkov 
490 1 |a Edícia vzdelávacích publikácií - vysokoškolská učebnica 
504 |a Bibliografia na strane 73-75 
650 0 7 |a kanalizácia  |2 SNKPH  |9 29352 
650 0 7 |a kanalizačné prípojky  |2 SNKPH  |9 501283 
650 0 7 |a odpadové vody  |2 SNKPH  |9 66096 
650 0 7 |a Sewerage  |2 SNKPHeng  |9 320547 
650 0 7 |a Wastewaters  |2 SNKPHeng  |9 492861 
655 7 |a učebnice vysokých škôl  |2 SNKPH  |9 70191 
655 7 |a Textbooks (higher)  |2 SNKPHeng  |9 276436 
810 2 |a Technická univerzita v Košiciach.  |b Stavebná fakulta  |t Edícia vzdelávacích publikácií - vysokoškolská učebnica  |9 368666 
919 |a 978-80-553-2727-3 
958 |a NB 
999 |c 774913  |d 776843 
952 |a SNK  |b SNK  |y PREZ  |7 0  |p 17A1351949  |o snkSC 182247  |i snk2019/50  |8 0  |0 0  |1 0  |4 0  |d 2019-01-03  |f 1  |l 0  |r 2026-02-24 00:46:45  |w 2026-02-24 
952 |a SNK  |b SNK  |y VYP  |7 0  |p 17A1351950  |o snkSC 182247 D1  |i snk2019/51  |8 0  |0 0  |1 0  |4 0  |d 2019-01-03  |l 0  |r 2026-02-24 00:46:46  |w 2026-02-24